| 000 | 00536nam a2200217Ia 4500 | ||
|---|---|---|---|
| 003 | OSt | ||
| 005 | 20220928140515.0 | ||
| 006 | a|||||r|||| 00| 0 | ||
| 007 | ta | ||
| 008 | 220927b |||||||| |||| 00| 0 eng d | ||
| 024 | _a9073 | ||
| 037 | _cTextual | ||
| 040 |
_aSDCL _cSDCL _beng |
||
| 041 |
_2eng _aeng |
||
| 082 | _aO-,3:g, J8 | ||
| 100 |
_aTillyard E M W _9396432 |
||
| 245 | 0 | _aEpic strain in the English novel. | |
| 260 | _c1958 | ||
| 942 |
_hO-,3:g, J8 _cTEXL _2CC |
||
| 999 |
_c811821 _d811821 |
||